Pla d'actuació de mandat 2016-2019 : connectem / connectem /
Descripción Física:
1 fulletó desplegable : il·lustracions ; 12 x 88 cm, plegat a 12 x 8 cm
Idioma:
Catalán
MARC
| LEADER | 00000nam a22000007a 4500 | ||
|---|---|---|---|
| 001 | 25937 | ||
| 008 | 220615b spa||||| |||| 00| 0 cat d | ||
| 080 | |a NBM-13-249 | ||
| 110 | 1 | |a Barcelona (Catalunya : Província). |b Diputació |9 52408 | |
| 245 | |a Pla d'actuació de mandat 2016-2019 : |b connectem / |c Diputació de Barcelona | ||
| 260 | |a Barcelona : |b Diputació de Barcelona, |c 2016 | ||
| 300 | |a 1 fulletó desplegable : |b il·lustracions ; |c 12 x 88 cm, plegat a 12 x 8 cm | ||
| 610 | 1 | 0 | |a Barcelona (Catalunya : Província). |b Diputació |9 52408 |
| 942 | |2 udc |c ARXIU |n 1 | ||
| 952 | |0 0 |1 0 |4 0 |6 NBM13249 |7 1 |9 62402 |a Arxiu |b Arxiu |d 2022-06-15 |l 0 |o NBM-13-249 |p 25937 |r 2022-06-15 00:00:00 |w 2022-06-15 |y ARXIU | ||
| 999 | |c 82047 |d 82047 | ||